000 01293cam a2200133 4500500
005 20251214002753.0
041 _afre
042 _adc
100 1 0 _aSédat, Jacques
_eauthor
245 0 0 _aFreud
260 _bArmand Colin,
_c2010.
520 _aLa psychanalyse n’est pas née d’un coup du cerveau de Freud. Cette discipline distincte de la médecine et de la philosophie est la résultante d’une réflexion sans cesse remaniée et d’une pratique clinique dans le cadre de la cure analytique qui, pour Freud, doit permettre à chacun de trouver ce qu’il sait sans le savoir et de construire son histoire personnelle comme sujet. Ce livre met à jour les étapes du développement de la pensée de Freud, dans sa dimension chronologique, sans postuler initialement une continuité ou une cohérence de l’œuvre. Elle expose les principaux concepts freudiens – sexualité infantile, inconscient, sentiment de culpabilité, complexe d’Œdipe, transfert, relation analyste/analysant – dans leur acte de naissance et non dans une synthèse réalisée après coup. La 2e édition, totalement réactualisée, s’enrichit d’un chapitre sur la formation du psychanalyste. 
856 4 1 _uhttps://shs.cairn.info/freud--9782200244682?lang=fr&redirect-ssocas=7080
999 _c1567403
_d1567403